000 00634nam a2200169 a 4500
001 000036338
005 20200930075657.0
008 120113s1959 sp 000 0 spa d
040 _aDO-SdBNP
_bspa
_cBNPHU
082 _axxx
_bS229a
100 1 _aSansón-Terán, José
_962506
245 1 3 _aEl arbitraje internacional y la controversia de límites entre Nicaragua y Honduras /
_cJosé Sansón-Terán ; prologo Camilo Barcia Trelles, Philip C. Jessup.
260 _aBarcelona :
_bHispano Europea,
_c1959.
300 _a579 p. ;
_c21 cm.
700 1 _aBarcia Trelles, Camilo,
_epról.
_962507
700 1 _aJessup, Philip C.,
_epról.
_962508
999 _c35829
_d35829